| 000 | 01210nam a2200277Ia 4500 | ||
|---|---|---|---|
| 008 | 130821s2011 ck ao gr mul | ||
| 020 | _a978 958 99323 2 2 | ||
| 040 |
_aCo-BoUCM. _bspa |
||
| 041 | 0 | 0 | _amul |
| 100 | 1 | _aMontezuma, Ricardo | |
| 245 | 1 | 0 |
_aCiudadanos, calles y ciudades _blas Américas unidas por una ciclovía = Citizens, streets and cities _bthe Americas united by a ciclovia _cRicardo Montezuma ; traducción de María Victoria Mejía Duque y Mateo Reyes |
| 260 |
_aBogotá (Colombia) _bUniversidad del Rosario Fundación Ciudad Humana Organización Panamericana de la Salud _c2011 |
||
| 300 |
_a293 páginas _bilustraciones, fotografías |
||
| 504 | _aIncluye referencias bibliográficas | ||
| 546 | _aTexto en español e inglés. | ||
| 650 |
_aBienestar social _910081 |
||
| 650 |
_aCiclo vías _zBogotá (Colombia) _910759 |
||
| 650 |
_aDesarrollo social _912991 |
||
| 650 |
_aEconomía _9174 |
||
| 650 |
_aRecreación _zBogotá (Colombia) _923169 |
||
| 650 |
_aUrbanismo _zBogotá (Colombia) _98216 |
||
| 700 | 1 |
_aMejía Duque, María Victoria _etraductor. |
|
| 700 | 1 |
_aReyes, Mateo _etr. |
|
| 942 |
_cLIBROUR _2DEWEY _a7 _e1 _h388.12 _mM781c |
||
| 999 |
_c77168 _d77168 |
||